Zmeny Obchodného zákonníka

OZ prešiel zmenami v roku 2015. Základným zámerom novely zákona je zamedziť poškodzovaniu veriteľov v rámci konkurzného a reštrukturalizačného konania a posilnenie zodpovednosti za podnikanie.

Salvato in:
Dettagli Bibliografici
Autore principale: Zachar, Juraj
Natura: Capitolo di libro
Lingua:slovacco
Soggetti:
Tags: Aggiungi Tag
Nessun Tag, puoi essere il primo ad aggiungerne!!

MARC

LEADER 00000naa a2200000 4500
001 0223998
005 20161102091951.1
041 0 |a slo 
044 |a SK 
245 1 0 |a Zmeny Obchodného zákonníka  |c Juraj Zachar 
520 |a OZ prešiel zmenami v roku 2015. Základným zámerom novely zákona je zamedziť poškodzovaniu veriteľov v rámci konkurzného a reštrukturalizačného konania a posilnenie zodpovednosti za podnikanie. 
610 2 0 |a zákonník obchodný 
610 2 0 |a novelizácia 
100 1 |a Zachar, Juraj